| 000 | 00335 a2200121 4500 | ||
|---|---|---|---|
| 000 | nam a22 7a 4500 | ||
| 005 | 20260423165608.0 | ||
| 020 | _a9781350406148 | ||
| 100 |
_aRahim Acar _91235591 |
||
| 245 | _aPhilosophy of Religion in Islam : A Reader of Classical Sources | ||
| 260 |
_bBloomsbury Academic _c2025 |
||
| 942 | _cTEXL | ||
| 999 |
_c1848471 _d1848471 |
||